Инновационная активность социальных систем как эффективный механизм адаптации в условиях нарастающей нестабильности внешней среды; Известия Томского политехнического университета [Известия ТПУ]; Т. 310, № 3
| Parent link: | Известия Томского политехнического университета [Известия ТПУ]/ Томский политехнический университет (ТПУ).— , 2000- Т. 310, № 3.— 2007.— [С. 142-146] |
|---|---|
| Hovedforfatter: | |
| Summary: | Заглавие с титульного листа Электронная версия печатной публикации Показано, что развитие качественно новых сторон инновационной активности, характерное для самоорганизующихся социальных систем, является ключевым фактором, определяющим возможности их адаптации к нестабильной внешней среде. |
| Sprog: | russisk |
| Udgivet: |
2007
|
| Serier: | Философия, социология и культурология |
| Fag: | |
| Online adgang: | http://www.lib.tpu.ru/fulltext/v/Bulletin_TPU/2007/v310/i3/33.pdf |
| Format: | MixedMaterials Electronisk Book Chapter |
| KOHA link: | https://koha.lib.tpu.ru/cgi-bin/koha/opac-detail.pl?biblionumber=172278 |
MARC
| LEADER | 00000nla2a2200000 4500 | ||
|---|---|---|---|
| 001 | 172278 | ||
| 005 | 20231031164236.0 | ||
| 035 | |a (RuTPU)RU\TPU\book\186811 | ||
| 035 | |a RU\TPU\book\186791 | ||
| 090 | |a 172278 | ||
| 100 | |a 20091211d2007 k y0rusy50 ca | ||
| 101 | 0 | |a rus | |
| 102 | |a RU | ||
| 135 | |a drnn ---uucaa | ||
| 181 | 0 | |a i | |
| 182 | 0 | |a b | |
| 200 | 1 | |a Инновационная активность социальных систем как эффективный механизм адаптации в условиях нарастающей нестабильности внешней среды |b Электронный ресурс |f Ю. А. Никитина | |
| 203 | |a Текст |c электронный | ||
| 215 | |a 1 файл (131 Кб) | ||
| 225 | 1 | |a Философия, социология и культурология | |
| 230 | |a Электронные текстовые данные (1 файл : 131 Кб) | ||
| 300 | |a Заглавие с титульного листа | ||
| 300 | |a Электронная версия печатной публикации | ||
| 320 | |a [Библиогр.: с. 146 (8 назв.)] | ||
| 330 | |a Показано, что развитие качественно новых сторон инновационной активности, характерное для самоорганизующихся социальных систем, является ключевым фактором, определяющим возможности их адаптации к нестабильной внешней среде. | ||
| 337 | |a Adobe Reader | ||
| 461 | 1 | |0 (RuTPU)RU\TPU\book\176237 |t Известия Томского политехнического университета [Известия ТПУ] |f Томский политехнический университет (ТПУ) |d 2000- | |
| 463 | 1 | |0 (RuTPU)RU\TPU\book\186734 |x 1684-8519 |t Т. 310, № 3 |v [С. 142-146] |d 2007 |p 280 с. | |
| 610 | 1 | |a инновационная активность | |
| 610 | 1 | |a социальные системы | |
| 610 | 1 | |a адаптация | |
| 610 | 1 | |a нестабильность | |
| 610 | 1 | |a внешняя среда | |
| 610 | 1 | |a факторы | |
| 610 | 1 | |a труды учёных ТПУ | |
| 610 | 1 | |a электронный ресурс | |
| 700 | 1 | |a Никитина |b Ю. А. |c российский учёный в области международного менеджмента |c доцент Томского политехнического университета, кандидат философских наук |f 1963- |g Юлия Анатольевна |2 stltpush |3 (RuTPU)RU\TPU\pers\24692 | |
| 801 | 1 | |a RU |b 63413507 |c 20090623 |g PSBO | |
| 801 | 2 | |a RU |b 63413507 |c 20211115 |g PSBO | |
| 856 | 4 | |u http://www.lib.tpu.ru/fulltext/v/Bulletin_TPU/2007/v310/i3/33.pdf | |
| 942 | |c CF | ||